000 00558nam a22001697a 4500
005 20240809130503.0
008 240809b |||||||| |||| 00| 0 eng d
020 _a0409017434
041 _aEnglish
082 _a349 SOU
100 _lEnglish
245 _aButterworths Index and Noter-Up to the All South African Law Reports and the South African Law Reports 2002
260 _aDurban:
_bButterworth Publishers (Pty) Ltd,
_c2003
300 _bxi, 256 pages;
_c25 cm.
650 _aLegal practice
_bLaw
942 _cBK
_6ALISON_BN_VRIES
999 _c2551
_d2551